Sports Quiz

Random Sports or Basketball Quiz

1,000 Rebound NBA Seasons Quiz Stats

 Plays Quiz Updated May 1, 2018

Challenge
Share
Tweet
Embed
Score 0/67 Timer 09:00
0 Plays Today
Seasons Player % Correct
13Wilt Chamberlain
95%
12Bill Russell
90.2%
3Shaquille O'Neal
85.1%
5Dennis Rodman
80.6%
2Tim Duncan
79.1%
7Dwight Howard
77.8%
2David Robinson
77.6%
3Hakeem Olajuwon
77.6%
1Truck Robinson
77.2%
8Kareem Abdul-Jabbar
76.8%
3Kevin Garnett
76.1%
7Moses Malone
71.9%
4Ben Wallace
70.7%
5DeAndre Jordan
69.6%
1Kevin Love
65.7%
1Charles Barkley
58.9%
2George Mikan
55%
4Dikembe Mutombo
54.8%
6Willis Reed
54%
2Karl-Anthony Towns
53.3%
9Bob Pettit
53.2%
4Elgin Baylor
52.6%
3Bill Laimbeer
52.4%
1Hassan Whiteside
51.9%
5Andre Drummond
50.9%
3Gus Johnson
49.2%
8Wes Unseld
48.6%
1Rudy Gobert
46.9%
9Elvin Hayes
46.3%
3Bob McAdoo
40.8%
6Dave Cowens
40.3%
5Buck Williams
38%
1Elmore Smith
37%
1Marcus Camby
35.7%
Seasons Player % Correct
2Kevin Willis
33.8%
3Dolph Schayes
33.1%
3Bob Lanier
31.9%
8Nate Thurmond
29.1%
2Charles Oakley
29.1%
3Artis Gilmore
29%
8Jerry Lucas
27.7%
2Jack Sikma
26.1%
9Walt Bellamy
25.3%
1Dave DeBusschere
17.1%
1Johnny Green
15.9%
2Billy Cunningham
15.9%
4Paul Silas
14.2%
1Spencer Haywood
11.4%
1Neal Walk
10.5%
1Neil Johnston
8.5%
2Clyde Lee
7.8%
3Swen Nater
6.7%
3Sam Lacey
5.8%
2Happy Hairston
5.7%
4Red Kerr
5.7%
3Maurice Stokes
5.6%
2Tom Boerwinkle
5.1%
1Bailey Howell
5.1%
6Bill Bridges
4.8%
1Harry Gallatin
4%
1Marvin Webster
3.8%
1Zelmo Beaty
3.8%
2Ray Scott
3.5%
1Willie Naulls
2.7%
1Rich Kelley
2%
1Darrall Imhoff
1.9%
1Walter Dukes
1.4%

You're not logged in!

Compare scores with friends on all Sporcle quizzes.
Join for Free
OR
Log In

You Might Also Like...

Show Comments

Extras

Top Quizzes Today


Score Distribution

Your Account Isn't Verified!

In order to create a playlist on Sporcle, you need to verify the email address you used during registration. Go to your Sporcle Settings to finish the process.

Report this User

Report this user for behavior that violates our Community Guidelines.

Details: